| 000 | 01219cad a22002535a 4500 | ||
|---|---|---|---|
| 001 | L153370 | ||
| 008 | 110718s2011 xxk f 000 0 eng d | ||
| 020 | _a9781842196984 | ||
| 035 | _a(Sirsi) u153370 | ||
| 041 | 0 | _aeng | |
| 050 | 0 | 4 | _a333.335 $2 20 |
| 110 | 2 |
_aRoyal Institution of Chartered Surveyors _94900 |
|
| 245 | 0 | 0 |
_aValuation of rural property _h[electronic resource] _b[old edition] |
| 250 | _a2nd ed. | ||
| 260 |
_aCoventry _bRICS _c2011 |
||
| 490 | 0 | _aRICS Guidance Note | |
| 520 | _aThis guidance note aims to be a guide and a signpost to the valuation of rural property and general compliance with the RICS Valuation Standards Global and UK (the "Red Book"). It provides information, primarily in list form, on: land classification; assumptions and special assumptions; basis of valuation; and inspection and other considerations. | ||
| 520 | _aSuperseded by 3rd ed ISBN 9781842196984 | ||
| 590 | _aKA NTK | ||
| 651 | 4 |
_aEngland and Wales _y1543- |
|
| 690 | _aPROPERTY-PROPERTY APPRAISAL AND VALUATION | ||
| 856 | 4 | 1 |
_uhttps://www.isurv.com/downloads/file/3378/archive_valuation_of_rural_property_2nd_edition_july_2011-june_2018 _zArchived on isurv (subscription required) |
| 942 |
_n0 _2ddc |
||
| 999 |
_c112487 _d112487 |
||